Welcome to CU Library Online Public Access Catalogue (OPAC)

BRIDGE BIBLE HANDBOOKS; (Record no. 6759)

MARC details
000 -LEADER
fixed length control field 00435nam a22001457a 4500
005 - DATE AND TIME OF LATEST TRANSACTION
control field 20250628114255.0
008 - FIXED-LENGTH DATA ELEMENTS--GENERAL INFORMATION
fixed length control field 250628b |||||||| |||| 00| 0 eng d
020 ## - INTERNATIONAL STANDARD BOOK NUMBER
International Standard Book Number 0947342028
050 ## - LIBRARY OF CONGRESS CALL NUMBER
Classification number BS1405
Item number .3 FLE
100 ## - MAIN ENTRY--PERSONAL NAME
Personal name FLEMING DON
245 ## - TITLE STATEMENT
Title BRIDGE BIBLE HANDBOOKS;
Remainder of title EXPLAINING THE BOOKS OF THE BIBLE FOR THE PEOPLE OF TODAY'S WORLD
260 ## - PUBLICATION, DISTRIBUTION, ETC.
Place of publication, distribution, etc. PHILIPPINES
Name of publisher, distributor, etc. BRIDGEWAY PUBLICATIONS
Date of publication, distribution, etc. c1989
300 ## - PHYSICAL DESCRIPTION
Extent 151p
942 ## - ADDED ENTRY ELEMENTS (KOHA)
Source of classification or shelving scheme Library of Congress Classification
Koha item type Books
Suppress in OPAC No
999 ## -
-- 6759
-- 6759
Holdings
Withdrawn status Lost status Source of classification or shelving scheme Damaged status Not for loan Collection Home library Current library Shelving location Date acquired Total checkouts Full call number Barcode Date last seen Copy number Price effective from Koha item type
    Library of Congress Classification     Non-fiction Undergraduate Library (Christ Temple) Undergraduate Library (Christ Temple) General stacks 06/28/2025   BS1405.3 FLE ulct00003612 06/28/2025 1 06/07/2025 Books
    Library of Congress Classification     Non-fiction Undergraduate Library (Christ Temple) Undergraduate Library (Christ Temple) General stacks 07/18/2025   BS2680 FLE ulct00003959 07/18/2025 1 07/18/2025 Books
© 2023-2024 Copyright: Central University Libraries. All Rights Reserved | Created by: Mahone Tech Office